[Event "FRA-ch U18"]
[Site "Troyes"]
[Date "2010.04.12"]
[Round "3"]
[White "Massoni, Michael"]
[Black "Tournier, Timothee"]
[Result "1-0"]
[WhiteElo "2292"]
[BlackElo "1897"]
[PlyCount "55"]
[EventDate "2010.04.11"]
[EventType "swiss"]
[EventRounds "9"]
[EventCountry "FRA"]
[SourceTitle "EXT 2012"]
[Source "ChessBase"]
[SourceDate "2011.11.24"]
[SourceVersion "1"]
[SourceVersionDate "2011.11.24"]
[SourceQuality "1"]

1. e4 c5 2. Nf3 e6 3. d4 cxd4 4. Nxd4 a6 5. Nc3 Qc7 6. Bd3 Nf6 7. 0-0 d6 8. Kh1 Be7 9. f4 0-0 10. Be3 b5 11. a3 Bb7 12. Qf3 Nbd7 13. Qh3 Rfe8 14. Rae1 e5 15. Nf5 Bf8 16. Qg3 Kh8 17. fxe5 Nxe5 18. Bd4 Re6 19. Qh4 Ng6 20. Qh3 Rae8 21. Ng3 Bc8 22. Nf5 Bb7 23. Nh4 Ne5 24. Re2 g6 25. Nf3 Nxf3 26. Rxf3 Bg7 27. Ref2 Bc8 28. Qh4 1-0